<?xml version="1.0" encoding="UTF-8"?>
<record
    xmlns:xsi="http://www.w3.org/2001/XMLSchema-instance"
    xsi:schemaLocation="http://www.loc.gov/MARC21/slim http://www.loc.gov/standards/marcxml/schema/MARC21slim.xsd"
    xmlns="http://www.loc.gov/MARC21/slim">

  <leader>01422nam a22003137a 4500</leader>
  <controlfield tag="003">DO-SdBNP</controlfield>
  <controlfield tag="005">20240226135234.0</controlfield>
  <controlfield tag="007">ta</controlfield>
  <controlfield tag="008">210427e2020    dr ao||gr|||| 001 0dspa d</controlfield>
  <datafield tag="020" ind1=" " ind2=" ">
    <subfield code="a">9789945918557</subfield>
  </datafield>
  <datafield tag="040" ind1=" " ind2=" ">
    <subfield code="a">DO-SdBNP</subfield>
    <subfield code="b">spa</subfield>
    <subfield code="c">BNPHU</subfield>
  </datafield>
  <datafield tag="041" ind1=" " ind2=" ">
    <subfield code="h">spa</subfield>
  </datafield>
  <datafield tag="082" ind1=" " ind2="4">
    <subfield code="a">641.346</subfield>
    <subfield code="b">M375f</subfield>
    <subfield code="2">22</subfield>
  </datafield>
  <datafield tag="100" ind1="1" ind2=" ">
    <subfield code="a">Marte, Domingo,</subfield>
    <subfield code="d">1939-</subfield>
    <subfield code="9">10487</subfield>
  </datafield>
  <datafield tag="245" ind1="1" ind2="0">
    <subfield code="a">Frutas en Rep&#xFA;blica Dominicana /</subfield>
    <subfield code="c">Domingo Martes ; ilustraci&#xF3;n A&#xED;da de Taveras.</subfield>
  </datafield>
  <datafield tag="260" ind1=" " ind2=" ">
    <subfield code="a">Santo Domingo :</subfield>
    <subfield code="b">Junta Agroempresarial Dominicana,</subfield>
    <subfield code="c">2020.</subfield>
  </datafield>
  <datafield tag="300" ind1=" " ind2=" ">
    <subfield code="a">293 p. [6 p.] : </subfield>
    <subfield code="b">il., fots.;</subfield>
    <subfield code="c">30 cm.</subfield>
  </datafield>
  <datafield tag="500" ind1=" " ind2=" ">
    <subfield code="a">Incluye &#xED;ndice de nombres cient&#xED;ficos y comunes.</subfield>
  </datafield>
  <datafield tag="500" ind1=" " ind2=" ">
    <subfield code="a">Incluye glosarios de t&#xE9;rminos agron&#xF3;micos y bot&#xE1;nicos.</subfield>
  </datafield>
  <datafield tag="504" ind1=" " ind2=" ">
    <subfield code="a">Bibliograf&#xED;a:  p. 99</subfield>
  </datafield>
  <datafield tag="505" ind1="1" ind2=" ">
    <subfield code="a">Presentaci&#xF3;n.-</subfield>
  </datafield>
  <datafield tag="505" ind1=" " ind2=" ">
    <subfield code="a">Presentaci&#xF3;n --</subfield>
    <subfield code="t">Agradecimientos--</subfield>
    <subfield code="t">Introducci&#xF3;n --</subfield>
    <subfield code="t">Capsulas educativas --</subfield>
    <subfield code="t">Otras frutas --</subfield>
    <subfield code="t">Frutas escondidas</subfield>
    <subfield code="t">Coleccionistas y suplidores de plantas, frutas y semillas --</subfield>
    <subfield code="t">&#xCD;ndice de nombres --</subfield>
    <subfield code="t">Cient&#xED;ficos --</subfield>
    <subfield code="t">Comunes -- </subfield>
    <subfield code="t">Glosario de t&#xE9;rminos agron&#xF3;micos y bot&#xE1;nicos. Equivalencias --</subfield>
    <subfield code="t">Acerca del autor --</subfield>
    <subfield code="t">Bibliogr&#xE1;fica consultada --</subfield>
    <subfield code="t">Los patrocinadores.</subfield>
  </datafield>
  <datafield tag="650" ind1=" " ind2="4">
    <subfield code="a">Frutas tropicales</subfield>
    <subfield code="9">28777</subfield>
  </datafield>
  <datafield tag="650" ind1=" " ind2="4">
    <subfield code="a">Cultivos tropicales</subfield>
    <subfield code="9">64409</subfield>
  </datafield>
  <datafield tag="650" ind1=" " ind2="4">
    <subfield code="a">Frutas</subfield>
    <subfield code="z">Rep&#xFA;blica Dominicana</subfield>
    <subfield code="9">78601</subfield>
  </datafield>
  <datafield tag="700" ind1="1" ind2=" ">
    <subfield code="a">Taveras, A&#xED;da de</subfield>
    <subfield code="e">il. </subfield>
    <subfield code="9">78602</subfield>
  </datafield>
  <datafield tag="910" ind1=" " ind2=" ">
    <subfield code="a">Validado. Control de calidad MFF</subfield>
  </datafield>
  <datafield tag="942" ind1=" " ind2=" ">
    <subfield code="2">ddc</subfield>
    <subfield code="c">LBS1</subfield>
  </datafield>
  <datafield tag="952" ind1=" " ind2=" ">
    <subfield code="0">0</subfield>
    <subfield code="1">0</subfield>
    <subfield code="2">ddc</subfield>
    <subfield code="5">1</subfield>
    <subfield code="7">1</subfield>
    <subfield code="8">PD</subfield>
    <subfield code="a">BNPHU</subfield>
    <subfield code="b">PD</subfield>
    <subfield code="c">HD</subfield>
    <subfield code="d">2021-04-19</subfield>
    <subfield code="e">Dep&#xF3;sito legal</subfield>
    <subfield code="l">0</subfield>
    <subfield code="o">BNPHU PD  641.346 M375f</subfield>
    <subfield code="p">2021-1593</subfield>
    <subfield code="r">2021-04-27</subfield>
    <subfield code="w">2021-04-27</subfield>
    <subfield code="y">LFPD</subfield>
  </datafield>
  <datafield tag="952" ind1=" " ind2=" ">
    <subfield code="0">0</subfield>
    <subfield code="1">0</subfield>
    <subfield code="2">ddc</subfield>
    <subfield code="5">1</subfield>
    <subfield code="7">2</subfield>
    <subfield code="8">PD</subfield>
    <subfield code="a">BNPHU</subfield>
    <subfield code="b">PD</subfield>
    <subfield code="c">HD</subfield>
    <subfield code="d">2021-04-19</subfield>
    <subfield code="l">0</subfield>
    <subfield code="o">BNPHU PD  641.346 M375f</subfield>
    <subfield code="p">2021-1594</subfield>
    <subfield code="r">2021-04-27</subfield>
    <subfield code="t">e.2</subfield>
    <subfield code="w">2021-04-27</subfield>
    <subfield code="y">LFPD</subfield>
  </datafield>
  <datafield tag="952" ind1=" " ind2=" ">
    <subfield code="0">0</subfield>
    <subfield code="1">0</subfield>
    <subfield code="2">ddc</subfield>
    <subfield code="5">6</subfield>
    <subfield code="7">0</subfield>
    <subfield code="8">DS</subfield>
    <subfield code="a">BNPHU</subfield>
    <subfield code="b">GR</subfield>
    <subfield code="c">HD</subfield>
    <subfield code="d">2021-04-27</subfield>
    <subfield code="l">0</subfield>
    <subfield code="o">BNPHU DS  641.346 M375f</subfield>
    <subfield code="p">2021-1597</subfield>
    <subfield code="r">2021-04-27</subfield>
    <subfield code="t">e.3</subfield>
    <subfield code="w">2021-04-27</subfield>
    <subfield code="y">LFDS</subfield>
  </datafield>
  <datafield tag="999" ind1=" " ind2=" ">
    <subfield code="c">49785</subfield>
    <subfield code="d">49785</subfield>
  </datafield>
</record>
